| 000 | 00522nam a2200217Ia 4500 | ||
|---|---|---|---|
| 003 | OSt | ||
| 005 | 20220923230927.0 | ||
| 006 | a|||||r|||| 00| 0 | ||
| 007 | ta | ||
| 008 | Pun | ||
| 024 | _a306,528 | ||
| 037 | _cTextual | ||
| 040 |
_aARTS _cARTS _bPun |
||
| 041 |
_2Pun _aPun |
||
| 082 | _aP15,4K, 153K0 | ||
| 100 | _aਰਣਦੇਵ | ||
| 245 | 0 | _aਸੰਸਕ੍ਰਿਤ ਸਸ਼ਯ FਿਕFਕ | |
| 260 | _c1960 | ||
| 942 |
_hP15,4K, 153K0 _cTEXL _2CC |
||
| 999 |
_c388308 _d388308 |
||